| 000 | 00633nam a2200229 a 4500 | ||
|---|---|---|---|
| 001 | 000032626 | ||
| 003 | DO-SdBNP | ||
| 005 | 20171103093718.0 | ||
| 007 | 000032626 | ||
| 008 | 110719s1993 dr a 000 0 spa d | ||
| 040 |
_aBPMSU _bspa _cBPMSU |
||
| 100 | 1 | _aContreras, Brunilda | |
| 245 | 1 | 0 |
_aTras la olla de oro / _cBrunilda Contreras. |
| 260 |
_aSanto Domingo : _bDavid, _c1993. |
||
| 300 |
_a34 p. : _bil. ; _c29 cm. |
||
| 930 | 1 |
_l _m _8 _f _p _g |
|
| 942 |
_2ddc _cBK |
||
| 945 | _aInvetariado infantil dom / 2017 VM | ||
| 956 |
_a _b _c _l _h |
||
| 956 |
_aVMATEO _b10 _c20140627 _lBPMSU _h1420 |
||
| 956 |
_a _b _c _l _h |
||
| 999 |
_c7726 _d7726 |
||